000 00448nam a2200157Ia 4500
008 230711s9999||||xx |||||||||||||| ||und||
041 _aENG
082 _a624
_bBU-I
100 _aBureau of Indian Standard
245 0 _aSI : 2720 1973
_bMethods of test for soil specification for current transformers part I
250 _a1st
260 _c1973
_aNew Delhi
_bBureau of Indian Standard
300 _a17
650 _aCivil Engineering
942 _cBK
999 _c1631
_d1631